000 nam a22 a 4500
999 _c3218
_d3218
005 20170522090029.0
008 170522b1978 - ||||| |||| 00| 0 eng d
020 _a0135476208
040 _aAKMAL
082 _a658.4 FEN
090 _a658.4
_bFEN
245 _aMAKING IT IN MANAGEMENT
_bA BEHAVIORAL APPROACH FOR WOMEN EXECUTIVES
_cMARGARET FENN
260 _aUNITED STATES OF AMERICA
_bOLYMPIC LEARNING, INC.
_c1978
300 _a177pg,;
_c20 cm
942 _2ddc
_cBOOK